Library Banner

Political history & institutions of the early turkush empire of Delhi (Record no. 64872)

MARC details
000 -LEADER
fixed length control field 00472nam a22001577a 4500
005 - DATE AND TIME OF LATEST TRANSACTION
control field 20150129100540.0
008 - FIXED-LENGTH DATA ELEMENTS--GENERAL INFORMATION
fixed length control field 150129b xxu||||| |||| 00| 0 eng d
020 ## - INTERNATIONAL STANDARD BOOK NUMBER
International Standard Book Number 9694250692
040 ## - CATALOGING SOURCE
Transcribing agency PK-LaUMT
082 ## - DEWEY DECIMAL CLASSIFICATION NUMBER
Classification number KHC 320.010954
Item number AZI-P
100 ## - MAIN ENTRY--PERSONAL NAME
Personal name Aziz Ahmad, Muhammad
245 ## - TITLE STATEMENT
Title Political history & institutions of the early turkush empire of Delhi
Statement of responsibility, etc Muhammad Aziz Ahmad
260 ## - PUBLICATION, DISTRIBUTION, ETC. (IMPRINT)
Place of publication, distribution, etc Lahore
Name of publisher, distributor, etc Research society of Pakistan
Date of publication, distribution, etc 1949
300 ## - PHYSICAL DESCRIPTION
Extent 417 p.
942 ## - ADDED ENTRY ELEMENTS (KOHA)
Koha item type Books
Holdings
Withdrawn status Lost status Damaged status Home library Current library Date acquired Full call number Barcode Date last seen Price effective from Koha item type
      UMT Main Campus UMT Main Campus 2015-01-29 KHC 320.010954 AZI-P 74938 2015-01-29 2015-01-29 Books